[Event "45th Olympiad 2024"]
[Site "Budapest HUN"]
[Date "2024.09.16"]
[Round "6.64"]
[Board "4"]
[White "Shaker, Musab"]
[Black "Garcia Fuentes, Sergio Miguel"]
[Result "0-1"]
[WhiteElo "1757"]
[BlackElo "2114"]
[PlyCount "66"]
[EventDate "2024.09.11"]
[WhiteTeam "Bahrain"]
[BlackTeam "Guatemala"]
[WhiteTeamCountry "BHN"]
[BlackTeamCountry "GUA"]

1. d4 d5 2. c4 e6 3. Nc3 Nf6 4. cxd5 exd5 5. Bg5 c6 6. Qc2 Bd6 7. e3 O-O 8. Bd3 h6 9. Bh4 a5 ({RR} 9... Re8 10. Nf3 Be6 11. Ne5 c5 12. O-O cxd4 13. exd4 Nc6 14. Nxc6 bxc6 15. h3 Be7 16. Ne2 Bd7 17. Bg3 Qb6 18. Rad1 Rac8 19. Nc3 c5 20. Be5 cxd4 21. Bxd4 Bc5 22. Bxf6 Qxf6 23. Nxd5 Qg5 24. Qd2 {1-0 Gareev,T (2570)-Urazayev,A (2478) Kazakhstan Cup Final 2023 (1.4)}) 10. Nf3 Re8 ({RR} 10... Na6 11. a3 Re8 12. Bg3 Nc7 13. Ne5 Ne6 14. Bh4 Be7 15. f4 c5 16. dxc5 Bxc5 17. Bxf6 gxf6 18. Nxf7 Kxf7 19. Bg6+ Kg7 20. Bxe8 Qxe8 21. Nxd5 Bd7 22. f5 Rc8 23. fxe6 Bb4+ 24. Nxb4 Rxc2 25. Nxc2 {0-1 Ezat,M (2323)-Asish Panda (1911) Titled Tue 16th Jul Early 2024 (5)}) 11. h3 g5 12. Bxg5 $146 ({RR} 12. Bg3 Bxg3 13. fxg3 Rxe3+ 14. Kd2 Re8 15. Rae1 Nbd7 16. Bg6 Nf8 17. Ne5 Nxg6 18. Nxg6 Ne4+ 19. Nxe4 Bf5 20. Nd6 Qxd6 21. Qxf5 fxg6 22. Qd3 Kg7 23. Rhf1 Qb4+ 24. Qc3 Qxc3+ 25. bxc3 a4 26. Rb1 b5 {0-1 Yannopapas,L (1508)-Van Dam,T (1873) Enschede op-A 2022 (9)}) 12... hxg5 13. Nxg5 Qe7 14. O-O-O Na6 15. Qe2 Nb4 16. Bb1 Ne4 17. Ncxe4 dxe4 18. Qh5 Bf5 19. Kd2 Bg6 20. Qg4 f5 21. Qh4 Kg7 22. Nf3 exf3 23. Qxe7+ Bxe7 24. gxf3 Bh4 25. Rh2 Rad8 26. Rg2 Kf6 27. Rdg1 Rg8 28. e4 Bf7 29. e5+ Ke6 30. a3 Nd5 31. Rg7 Bxf2 32. Bxf5+ Ke7 33. R1g2 Bxd4 0-1

[Event "45th Olympiad 2024"]
[Site "Budapest HUN"]
[Date "2024.09.16"]
[Round "6.65"]
[Board "3"]
[White "Fomevor, Cephas Clinton"]
[Black "Novak, Attila Robert"]
[Result "0-1"]
[WhiteElo "1873"]
[BlackElo "2135"]
[PlyCount "66"]
[EventDate "2024.09.11"]
[WhiteTeam "Ghana"]
[BlackTeam "Malta"]
[WhiteTeamCountry "GHA"]
[BlackTeamCountry "MLT"]

1. d4 {Yermolinsky,Alex} d5 2. c4 dxc4 3. e3 ({RR} 3. e4) 3... a6 4. Bxc4 e6 5. Nf3 c5 6. O-O Nf6 7. Qc2 ({RR} 7. Be2 Nbd7 ({RR} 7... cxd4 8. exd4 Nc6 9. Nc3 Be7 10. Be3 Ng4 ({RR} 10... O-O 11. Ne5) 11. Bf4 Nf6) 8. Nc3 b6 ({RR} 8... b5 9. e4 b4 10. e5 bxc3 11. exf6 Nxf6 ({RR} 11... cxb2 12. fxg7 bxa1=Q 13. gxh8=Q) 12. bxc3) 9. e4 cxd4 10. Nxd4 Bb7 11. Be3 ({RR} 11. f3 Qb8 12. Be3 Bd6 13. g3 h5) 11... Bc5 ({RR} 11... Nxe4 12. Nxe4 Bxe4 13. Bf3 Bxf3 14. Qxf3 Bc5) 12. f3 O-O 13. Qe1 ({RR} 13. Qd2 Rc8 14. Na4 Be7 15. b4 b5 16. Nb2) 13... Rc8 14. Qf2 b5 15. Rac1 Qe7 16. a4 ({RR} 16. Nb3 Bxe3 17. Qxe3) 16... bxa4 17. Nxa4 Bd6 ({RR} 17... Ba7 18. Nf5 exf5 19. Bxa7 fxe4) 18. Nb3 Bc6 19. Nc3 Rb8 20. Na5 Ba8 21. Nc4 Bc5 {½-½ Carlsen,M (2837)-Caruana,F (2799) London Classic 9th 2017 (1)}) 7... b5 8. Be2 Nbd7 9. Rd1 $146 ({RR} 9. a4 bxa4 10. Nc3 Bb7 11. Rd1 cxd4 12. Nxd4 Qc7 13. Rxa4 Nb6 14. Ra1 Bd6 15. h3 O-O 16. Bd2 Rfc8 17. Qb3 e5 18. Nf5 Bc5 19. Be1 g6 20. Ng3 h5 21. Rac1 h4 22. Nf1 Qc6 23. Bf3 e4 {1-0 Hickl,J (2370)-Mandl,R Bundesliga 1985/86 (11.6)}) ({RR} 9. a4 Bb7 10. Nbd2 Qb6 11. axb5 axb5 12. Rxa8+ Bxa8 13. Qb3 c4 14. Qc2 Bb4 15. Rd1 O-O 16. e4 e5 17. Nxe5 Nxe5 18. dxe5 Nd7 19. Nf3 Qe6 20. Bf4 Re8 21. Nd4 Qb6 22. Be3 Bc5 23. Nf5 Nxe5 {1-0 Liang,J (2092)-Donskov,A (2279) Titled Tue 17th Jan Late 2023 (6)}) ({RR} 9. a4 Rb8 10. Rd1 Qc7 11. Bd2 b4 12. b3 a5 13. Bc1 Be7 14. Bb2 O-O 15. Nbd2 Nd5 16. Rac1 Bf6 17. Ne4 Be7 18. dxc5 f5 19. Neg5 N7f6 20. Be5 Qa7 21. Bxb8 Qxb8 22. Nd4 Ng4 23. Bxg4 Bxg5 {1-0 Brokalakis Gounaris,C (1791)-Kotsinis,A (1370) Heraklion op 21st 2017 (3)}) 9... Bb7 10. a3 Rc8 11. dxc5 Bxc5 12. Qd2 Ne4 13. Qe1 Qf6 14. Nbd2 Nb6 15. Nb3 Be7 16. Nbd4 O-O 17. Nd2 e5 18. N4f3 Na4 19. Bd3 Nec5 20. Bc2 Rfd8 21. e4 Nd3 22. Bxd3 Rxd3 23. Qe2 Rcd8 24. Ne1 R3d7 25. Nc2 Nc5 26. Rf1 Qg6 27. f3 Bg5 28. Ne3 Qb6 29. Kh1 Nd3 30. Nd5 Bxd5 31. Nc4 Bxc4 32. Bxg5 f6 33. Be3 Qe6 0-1

[Event "45th Olympiad 2024"]
[Site "Budapest HUN"]
[Date "2024.09.16"]
[Round "6.65"]
[Board "4"]
[White "Mizzi, Jack"]
[Black "Frempong-Smart Daniel"]
[Result "1/2-1/2"]
[WhiteElo "2053"]
[BlackElo "1863"]
[PlyCount "154"]
[EventDate "2024.09.11"]
[WhiteTeam "Malta"]
[BlackTeam "Ghana"]
[WhiteTeamCountry "MLT"]
[BlackTeamCountry "GHA"]

1. d4 d5 2. c4 c6 3. Nf3 Nf6 4. Nc3 a6 5. e3 b5 6. b3 Bg4 7. Be2 e6 8. Bd2 ({RR} 8. h3 Bh5 9. g4 Bg6 10. Ne5 Nfd7 11. Nxg6 hxg6 12. Qc2 Be7 13. Bb2 Nf6 14. O-O-O Nbd7 15. c5 Qc7 16. h4 a5 17. g5 Nh5 18. Bg4 Nf8 19. Rdg1 O-O-O 20. Ne2 f5 21. gxf6 gxf6 22. Bxh5 gxh5 {½-½ Topalov,V (2813)-Wang,Y (2736) Nanjing Pearl Spring 2nd 2009 (5)}) ({RR} 8. h3 Bh5 9. g4 Bg6 10. Ne5 Nfd7 11. cxd5 Nxe5 12. dxe5 cxd5 13. h4 h5 14. gxh5 Bf5 15. a4 Bb4 16. Bd2 Nc6 17. axb5 Nxe5 18. bxa6 Nd3+ 19. Kf1 Qf6 20. Qe1 {0-1 Kargosha,B (2028)-Lehtosaari,M (2142) Titled Tue 27th Feb Late 2024 (7)}) 8... Bd6 9. Qc2 $146 ({RR} 9. Ne5 Bxe2 10. Qxe2 O-O 11. O-O Bxe5 12. dxe5 Nfd7 13. f4 Nb6 14. cxd5 cxd5 15. Rac1 Qd7 16. Qd3 Rc8 17. Ne2 Nc6 18. Bc3 Rc7 19. Bd4 Nxd4 20. Qxd4 Rc6 21. Rxc6 Qxc6 22. Rc1 Qb7 23. Kf2 h6 {½-½ Sorokina,T (2156)-Egorova,V (2207) Novokuznetsk (Women) 10th 2007 (8)}) ({RR} 9. h3 Bxf3 10. Bxf3 Qe7 11. Rc1 O-O 12. O-O e5 13. dxe5 Qxe5 14. g3 Nbd7 15. cxd5 cxd5 16. Ne2 h5 17. Bc3 Qf5 18. Bg2 h4 19. Nd4 Qg6 20. g4 Ne4 21. Nf5 Nxc3 22. Rxc3 Qf6 23. Rc6 g6 {1-0 Huang,M (1919)-Beinenson,K (1999) Wch U14 Girls 2012 (6.4)}) 9... Nbd7 10. h3 Bf5 11. Bd3 b4 12. Na4 Ne4 13. c5 Nxd2 14. Qxd2 Bxd3 15. cxd6 Bb5 16. Nc5 a5 17. a4 Nxc5 18. dxc5 Ba6 19. Ne5 Bb7 20. O-O f6 21. Nf3 O-O 22. Rfe1 e5 23. e4 d4 24. Nh4 g6 25. f4 Qd7 26. fxe5 fxe5 27. Qg5 Qg7 28. Nf3 Rae8 29. Rad1 Bc8 30. Qg3 Qf6 31. Kh2 Qf4 32. Qxf4 Rxf4 33. Kg3 Rf6 34. h4 h6 35. Rf1 Kg7 36. Nh2 Ref8 37. Rxf6 Rxf6 38. Nf3 Rf4 39. Nxe5 Rxe4 40. d7 Re3+ 41. Kh2 Bxd7 42. Nxd7 Rxb3 43. Rxd4 Ra3 44. Ne5 b3 45. Rd7+ Kf6 46. Nxc6 Rxa4 47. Rb7 Rxh4+ 48. Kg3 Rc4 49. Nxa5 Rxc5 50. Nxb3 Rc3+ 51. Kh2 Rc6 52. Nd4 Rd6 53. Nf3 h5 54. Rb5 Ra6 55. Rc5 Rb6 56. Nd4 Ra6 57. Rc6+ Rxc6 58. Nxc6 g5 59. Kg3 Kf5 60. Nd4+ Ke4 61. Nf3 Kf5 62. Kf2 Kf4 63. Nd4 h4 64. Ne2+ Ke4 65. Kg1 Ke3 66. Nc3 g4 67. Kh2 Kf4 68. Nd5+ Ke5 69. Ne3 Kf4 70. Nf1 Ke4 71. Nd2+ Kf4 72. Nc4 Ke4 73. Kg1 Kd4 74. Nd2 Kd3 75. Nb3 Ke3 76. Na5 Kf4 77. Nc4 h3 1/2-1/2

[Event "45th Olympiad 2024"]
[Site "Budapest HUN"]
[Date "2024.09.16"]
[Round "6.66"]
[Board "1"]
[White "Asante Debesai Zerabruk"]
[Black "Isaakidis, Alexandros"]
[Result "0-1"]
[WhiteElo "1908"]
[BlackElo "2155"]
[PlyCount "92"]
[EventDate "2024.09.11"]
[WhiteTeam "Eritrea"]
[BlackTeam "Cyprus"]
[WhiteTeamCountry "ERI"]
[BlackTeamCountry "CYP"]

1. e4 c6 2. d4 d5 3. Nc3 dxe4 4. Nxe4 Nf6 5. Nxf6+ exf6 6. Nf3 Bd6 7. Be2 O-O 8. O-O Re8 9. h3 ({RR} 9. c4 Nd7 10. Bd3 Nf8 11. h3 Ng6 12. Qc2 Qa5 13. c5 Bb8 14. Bd2 Qd8 15. Rfe1 Be6 16. Bc4 Nf8 17. Rad1 Bc7 18. Qb3 Bxc4 19. Qxc4 Qd7 20. b4 Ng6 21. a4 Ne7 22. b5 Nd5 23. bxc6 bxc6 {0-1 Nepomniachtchi,I (2767)-Carlsen,M (2840) Wch Rapid Doha 2016 (14)}) 9... Nd7 10. c4 f5 $146 ({RR} 10... Nf8 11. Bd3 Be6 12. Qc2 Qc7 13. Rd1 Rad8 14. Be3 Bf4 15. Bxf4 Qxf4 16. Qd2 Qc7 17. Rac1 Ng6 18. d5 Bd7 19. Bxg6 fxg6 20. d6 Qb6 21. c5 Qa6 22. b3 b6 23. b4 Qa4 24. Nd4 Rb8 25. Re1 {1-0 Rohwer,P (2225)-Shevchuk,O (2093) Titled Tue 2nd Apr Late 2024 (9)}) ({RR} 10... Nf8 11. Be3 Be6 12. Qd2 Qd7 13. Rad1 Rad8 14. Rfe1 Bxh3 15. gxh3 Qxh3 16. Bf4 Re4 17. Bxd6 Rxd6 18. Nh2 Rh4 19. Bf3 f5 20. Re8 Rg6+ {0-1 Svensson,A (2084)-Hansen,T (2422) Lund CellaVision Cup 2018 (2)}) 11. Qc2 Nf6 12. Bg5 h6 13. Bxf6 Qxf6 14. Rad1 g5 15. c5 Bc7 16. Nh2 Be6 17. Bc4 Rad8 18. Qc3 Bxc4 19. Qxc4 Re4 20. Qb3 b6 21. cxb6 Bxb6 22. d5 cxd5 23. Rxd5 Rxd5 24. Qxd5 Re2 25. b4 Qe6 26. Qd3 Rxa2 27. Nf3 Qe2 28. Qxe2 Rxe2 29. Rc1 Rxf2 30. Kh2 Rb2 31. Rc4 f4 32. Re4 f6 33. Rc4 h5 34. Re4 f5 35. Re5 Bf2 36. Rxf5 Bg3+ 37. Kh1 Rb1+ 38. Ng1 Bf2 39. Rxg5+ Kh7 40. Rf5 h4 41. Rxf4 Rxg1+ 42. Kh2 Bg3+ 43. Kxg1 Bxf4 44. b5 Kg6 45. Kf2 Kf5 46. Kf3 Bg3 0-1

[Event "45th Olympiad 2024"]
[Site "Budapest HUN"]
[Date "2024.09.16"]
[Round "6.67"]
[Board "4"]
[White "Miswadah, Baha"]
[Black "Alabdaljader, Mohammed"]
[Result "1-0"]
[WhiteElo "1957"]
[BlackElo "1677"]
[PlyCount "99"]
[EventDate "2024.09.11"]
[WhiteTeam "Palestine"]
[BlackTeam "Kuwait"]
[WhiteTeamCountry "PLE"]
[BlackTeamCountry "KUW"]

1. d4 Nf6 2. Bf4 d5 3. e3 e6 4. Nf3 c5 5. c3 Nc6 6. Nbd2 cxd4 7. exd4 Nh5 8. Be5 f6 9. Bg3 Bd6 ({RR} 9... g6 10. Be2 Bg7 11. O-O O-O 12. Qb3 Kh8 13. Rad1 b6 14. Rfe1 Bb7 15. Bb5 Qd7 16. Qa3 Nxg3 17. hxg3 a6 18. Bf1 Rfe8 19. Qb3 Qc7 20. g4 e5 21. dxe5 Na5 22. Qc2 fxe5 23. Nb3 Nc4 24. Nbd2 {0-1 Wang,Y (2699)-Le,Q (2739) Asia-chT blitz 5th 2017 (4.1)}) 10. Bxd6 Qxd6 11. Nh4 $146 ({RR} 11. Bb5 O-O 12. O-O a6 13. Ba4 Bd7 14. Re1 Nf4 15. Nf1 b5 16. Bb3 Na5 17. Ng3 Rfc8 18. Nf1 b4 19. g3 Ng6 20. cxb4 Qxb4 21. Re3 Ne7 22. Qe1 Qxe1 23. Raxe1 Nf5 24. Rc3 Rxc3 25. bxc3 Rc8 {½-½ Burcu,C (2301)-Haldorsen,B (2408) Fagernes TV2 GM op 2018 (4)}) ({RR} 11. g3 O-O 12. Bg2 g6 13. O-O Bd7 14. Re1 Rad8 15. Rc1 Bc8 16. a3 e5 17. dxe5 fxe5 18. Qb3 Kh8 19. Re2 e4 20. Nd4 Nxd4 21. cxd4 Qf6 22. Qe3 Ng7 23. Nb3 Bg4 24. Rec2 Nf5 25. Qf4 Bh5 {1-0 Askarov,B (2315)-Anton Guijarro,D (2669) Titled Tue 11th Jun Early 2024 (8)}) 11... g6 12. g3 O-O 13. Bd3 Ne7 14. Qe2 Ng7 15. f4 Bd7 16. Ndf3 Nc6 17. Ng2 Rae8 18. O-O-O Qc7 19. Kb1 e5 20. dxe5 fxe5 21. Nxe5 Nxe5 22. fxe5 Rxe5 23. Qd2 Rf3 24. Bc2 Ne6 25. Rhf1 Ng5 26. Nf4 Rxf1 27. Rxf1 Qc5 28. Bb3 Bf5+ 29. Ka1 Be4 30. h4 Nf3 31. Qd1 Kh8 32. a3 Qb5 33. a4 Qb6 34. Ka2 Qe3 35. Nd3 Re7 36. Nb4 Rf7 37. Nxd5 Qc5 38. Nf4 Ne5 39. Bxf7 Nxf7 40. Qd4+ Qxd4 41. cxd4 Nd6 42. b3 Nf5 43. Ne6 Bd5 44. Nc7 Be4 45. Rf4 Bg2 46. d5 Kg7 47. h5 Kf6 48. g4 Ke5 49. gxf5 Kxf4 50. f6 1-0

[Event "45th Olympiad 2024"]
[Site "Budapest HUN"]
[Date "2024.09.16"]
[Round "6.68"]
[Board "1"]
[White "Mathurin, Nathaniel"]
[Black "KIGIGHA, Bomo Lovet"]
[Result "0-1"]
[WhiteElo "1982"]
[BlackElo "2217"]
[PlyCount "86"]
[EventDate "2024.09.11"]
[WhiteTeam "Saint Lucia"]
[BlackTeam "Nigeria"]
[BlackTeamCountry "NGR"]

1. d4 Nf6 2. Nf3 e6 3. c4 Bb4+ 4. Nbd2 b6 5. a3 Bxd2+ 6. Qxd2 Bb7 7. g3 O-O 8. Bg2 d6 9. O-O Qc8 $146 ({RR} 9... Qe7 10. b4 Nbd7 11. Bb2 Ne4 12. Qc2 f5 13. Ne1 c5 14. dxc5 bxc5 15. Nf3 Ndf6 16. b5 Rad8 17. a4 e5 18. Ra3 g5 19. Nd2 Nxd2 20. Qxd2 f4 21. Qc2 Bxg2 22. Kxg2 Qe6 23. a5 Rd7 24. a6 {½-½ Bilek,M (2225)-Hecht,H (2475) Bundesliga 1980/81 (15.3)}) ({RR} 9... a5 10. b3 Nbd7 11. Bb2 Be4 12. Rfe1 Qe7 13. Rad1 Rfd8 14. Qc1 Rab8 15. Bf1 c5 16. Nd2 Bc6 17. e4 cxd4 18. Bxd4 e5 19. Bc3 Nc5 20. Qc2 Qb7 21. f3 Nfd7 22. Be2 Ne6 23. a4 Ndc5 24. Nf1 {1-0 Dubov,D (2666)-Moskalenko,A (2531) RUS-ch blitz 2017 (14)}) ({RR} 9... Be4 10. b4 Nbd7 11. Bb2 Qe7 12. Rac1 a5 13. b5 Rfe8 14. Rfd1 a4 15. Bh3 h6 16. Qb4 Bxf3 17. exf3 e5 18. Re1 Qf8 19. Kg2 exd4 20. Bxd4 Nc5 21. Rcd1 Rxe1 22. Qxe1 Re8 23. Qb4 Qe7 24. Bxc5 {1-0 Akobian,V (2571)-Radzhabov,R (2240) Titled Tue 23rd Apr Early 2024 (3)}) ({RR} 9... c5 10. Rd1 cxd4 11. Qxd4 d5 12. cxd5 exd5 13. Bg5 Nbd7 14. Ne5 Nxe5 15. Qxe5 Re8 16. Bxf6 Rxe5 17. Bxd8 Rxd8 18. e3 Rc8 19. Rd2 h6 20. Rad1 Rc5 21. Rd3 a5 22. f4 Re7 23. Kf2 Rec7 24. R1d2 {1-0 Drenthen,A (1917)-Echavarria Hidalgo,F (1750) NATO-ch 30th 2019 (4.43)}) 10. b4 Nbd7 11. Bb2 Be4 12. Rfd1 Qb7 13. Qc3 Rac8 14. Rac1 h6 15. c5 Qc6 16. d5 Bxd5 17. Nd4 Qa8 18. c6 Bxg2 19. cxd7 Bh3 20. Nc6 Rcd8 21. g4 Bxg4 22. Qg3 e5 23. Nxd8 Qxd8 24. f4 Bxe2 25. fxe5 Nh5 26. Qh3 Qg5+ 27. Kf2 Bg4 28. Qe3 Qf5+ 29. Kg1 Bxd1 30. exd6 Qxd7 31. dxc7 Bg4 32. Qd4 Qxd4+ 33. Bxd4 Nf4 34. Rc4 b5 35. c8=Q Bxc8 36. Rc2 Bf5 37. Ra2 a6 38. Kf2 Be6 39. Ra1 Rc8 40. Ke3 Rc4 41. Rf1 g5 42. Ra1 Nd5+ 43. Ke4 Ne7 0-1

[Event "45th Olympiad 2024"]
[Site "Budapest HUN"]
[Date "2024.09.16"]
[Round "6.68"]
[Board "4"]
[White "Quickpen, Deborah Ebimobo-Ere"]
[Black "Daniel, Cyrus"]
[Result "1-0"]
[WhiteElo "1918"]
[BlackElo "1759"]
[PlyCount "121"]
[EventDate "2024.09.11"]
[WhiteTeam "Nigeria"]
[BlackTeam "Saint Lucia"]
[WhiteTeamCountry "NGR"]

1. e4 e5 2. Nf3 Nc6 3. Bb5 a6 4. Ba4 Nf6 5. d3 b5 6. Bb3 Be7 7. O-O O-O 8. Nbd2 d6 ({RR} 8... d5 9. exd5 Nxd5 10. Re1 Bf6 11. Ne4 Be6 12. Nfg5 Bxg5 13. Nxg5 Bf5 14. Qf3 Nde7 15. c3 Qxd3 16. Re3 Qd6 17. Nxf7 Rxf7 18. Bxf7+ Kxf7 19. g4 Qg6 20. h3 Kg8 21. Rxe5 Rf8 22. Re1 h5 23. Qg3 {0-1 Arnold,K-Sanchez Alvares,K (2236) Titled Tue 28th Nov Late 2023 (11)}) 9. Re1 ({RR} 9. a3 Bb7 10. Re1 Qd7 11. c3 Rfe8 12. d4 Bf8 13. h3 Rad8 14. Bc2 d5 15. exd5 Nxd5 16. dxe5 Nf4 17. Re4 Nd3 18. Qe2 Ncxe5 19. Nxe5 Nxc1 20. Qh5 Rxe5 21. Rxe5 g6 22. Qd1 Nd3 23. Ne4 Bg7 {½-½ Efimenko,Z (2632)-Svetushkin,D (2532) Netanya op 2019 (5)}) 9... Na5 10. Nf1 c5 11. Ng3 $146 ({RR} 11. c3 Bb7 12. Bc2 Nc6 13. Ng3 Re8 14. Nf5 Bf8 15. Bg5 Bc8 16. N3h4 h6 17. Be3 Ne7 18. Ng3 Ng4 19. Bd2 g6 20. h3 Nf6 21. Qc1 Kh7 22. f4 exf4 23. Bxf4 g5 24. Bxg5 hxg5 25. Qxg5 Neg8 {1-0 Clayton,T (1825)-Hossain,F (1710) Gatwick e2e4 op U1950 2013 (2)}) ({RR} 11. Bd2 Nxb3 12. axb3 Bb7 13. Ng3 g6 14. Qe2 Nd7 15. Bh6 Re8 16. Qd2 Nf8 17. Bg5 f6 18. Be3 d5 19. Qa5 Qd7 20. c4 dxc4 21. dxc4 Ne6 22. Red1 Qc6 23. Qc3 Red8 24. Ne1 Rac8 25. f3 Nd4 {0-1 Jakypov,A-Jeenbekov,N KGZ-ch Bishkek 2010 (1)}) 11... Bd7 12. Bd2 Nxb3 13. axb3 b4 14. Qe2 Ne8 15. Ra2 Nc7 16. Rea1 Bc6 17. Nf5 Bf6 18. h4 g6 19. Nh6+ Kh8 20. Bg5 Bb7 21. Ng4 Bxg5 22. hxg5 Ne6 23. Qe3 Nf4 24. g3 Nh5 25. Kg2 Bc8 26. Nh6 Qe7 27. Nd2 f6 28. Nc4 Rb8 29. gxf6 Qxf6 30. Rh1 Kg7 31. f3 Kh8 32. Ng4 Qe7 33. Raa1 Rf7 34. Qh6 Bxg4 35. fxg4 Nf6 36. Ne3 Qe6 37. Qxg6 Rg8 38. Qf5 Qe8 39. Raf1 Rgf8 40. Nc4 Qe7 41. g5 Ne8 42. Rxh7+ Kg8 43. Qg6+ Ng7 44. Rxf7 Qxf7 45. Qxf7+ Rxf7 46. Rh6 Re7 47. Nxd6 Re6 48. Nc4 Kf7 49. Nd6+ Kg8 50. c3 Re7 51. Nc4 Ne6 52. Nxe5 Nxg5 53. Rg6+ Rg7 54. Rxa6 bxc3 55. bxc3 Kh7 56. b4 cxb4 57. cxb4 Rb7 58. Nc6 Rd7 59. Ra7 Rxa7 60. Nxa7 Ne6 61. Nc6 1-0

[Event "45th Olympiad 2024"]
[Site "Budapest HUN"]
[Date "2024.09.16"]
[Round "6.69"]
[Board "1"]
[White "Sihlongonyane, Sikhanyiso"]
[Black "Mesfin, Leykun"]
[Result "0-1"]
[WhiteElo "1813"]
[BlackElo "2118"]
[PlyCount "192"]
[EventDate "2024.09.11"]
[WhiteTeam "Eswatini"]
[BlackTeam "Ethiopia"]
[BlackTeamCountry "ETH"]

1. e4 c5 2. Nf3 Nc6 3. d4 cxd4 4. Nxd4 e5 5. Nb5 d6 6. c4 a6 7. N5a3 Nf6 8. Nc3 Be7 9. Nc2 O-O 10. Be2 Nd7 ({RR} 10... Be6 11. O-O Rc8 12. b3 b5 13. cxb5 axb5 14. Bxb5 Na7 15. Qd3 Rxc3 16. Qxc3 Nxb5 17. Qd3 Qb8 18. a4 Nc7 19. b4 Qb7 20. Bg5 d5 21. exd5 Ncxd5 22. b5 h6 23. Bxf6 Bxf6 24. Qe4 Qb8 25. Ne3 {0-1 Durarbayli,V (2590)-Naiditsch,A (2705) Wch Blitz 8th 2014 (21)}) ({RR} 10... Rb8 11. Bg5 Be6 12. Bxf6 Bxf6 13. O-O Nd4 14. Nxd4 exd4 15. Nd5 Bxd5 16. exd5 Re8 17. Bd3 Qb6 18. b3 Qa5 19. Qf3 Re5 20. h4 Rbe8 21. g3 R8e7 22. a3 Qc3 23. Rfc1 Qd2 24. Rd1 Qa5 25. b4 {1-0 Kuzmin,R (2153)-Ilamparthi,A (2426) Titled Tue 2nd Jan Early 2024 (2)}) 11. O-O Nc5 12. Be3 Bg5 $146 ({RR} 12... Ne6 13. Nd5 Bg5 14. Bb6 Qd7 15. Bg4 g6 16. Be3 Qd8 17. Bb6 Qd7 18. Qd3 f5 19. exf5 Nf4 20. Nxf4 Bxf4 21. Ne3 gxf5 22. Bh3 e4 23. Qd5+ Kh8 24. Rad1 Be5 25. f3 Qe7 26. fxe4 Be6 27. Qd3 {0-1 Beatrea,P (1862)-Ynojosa Aponte,F (2393) Pan American Intercollegiate-chT rapid 2021 (4)}) 13. Bxg5 Qxg5 14. Qxd6 Bh3 15. Bf3 Ne6 16. Qd1 Rad8 17. Nd5 f5 18. Kh1 fxe4 19. Bxe4 Bg4 20. f3 Bh5 21. Qc1 Nf4 22. g3 Ne6 23. Qxg5 Nxg5 24. Kg2 Nxe4 25. fxe4 Be2 26. Rxf8+ Rxf8 27. Nc3 Bxc4 28. Ne3 Be6 29. Rf1 Rd8 30. Ned5 h6 31. Rf2 Rd7 32. h3 Nd4 33. Rd2 Rf7 34. g4 Nf3 35. Re2 Nh4+ 36. Kg1 Rf3 37. Re3 Rf7 38. Re2 Ng6 39. Rf2 Nf4 40. Nxf4 exf4 41. Rd2 Kh7 42. Kf2 g5 43. Kf3 Kg7 44. h4 Kf6 45. Rh2 Rd7 46. hxg5+ hxg5 47. Rh6+ Ke5 48. Rg6 Rd3+ 49. Kf2 Rd2+ 50. Kf3 Rd3+ 51. Kf2 f3 52. Kg3 b5 53. a3 f2+ 54. Kxf2 Rd2+ 55. Ke3 Rxb2 56. Rxg5+ Kf6 57. Rc5 Rb3 58. Kf4 Rxa3 59. g5+ Ke7 60. Ke5 b4 61. Ne2 b3 62. Rc7+ Kd8 63. Rb7 Bc4 64. Nd4 Kc8 65. Rb4 Bg8 66. Kd6 Ra1 67. Rb6 Rd1 68. Kc5 Rc1+ 69. Kd6 a5 70. Nxb3 Rd1+ 71. Kc5 a4 72. Nd4 a3 73. Ra6 a2 74. g6 a1=Q 75. Rxa1 Rxa1 76. Kd6 Rd1 77. Ke5 Kd7 78. Nf5 Ke8 79. Kf6 Rf1 80. Kg7 Ba2 81. Nd6+ Kd7 82. Nf5 Rf4 83. Kh7 Rxe4 84. g7 Rf4 85. Nh6 Rh4 86. Kg6 Ke8 87. g8=Q+ Bxg8 88. Nxg8 Rg4+ 89. Kh7 Rg5 90. Nh6 Kf8 91. Kh8 Ke7 92. Kh7 Ke6 93. Kh8 Kf6 94. Ng8+ Kf7 95. Nh6+ Kg6 96. Ng8 Rh5+ 0-1

[Event "45th Olympiad 2024"]
[Site "Budapest HUN"]
[Date "2024.09.16"]
[Round "6.69"]
[Board "3"]
[White "Mbongeni, Mabuza"]
[Black "Kebede, Yoseph Kifle"]
[Result "1/2-1/2"]
[WhiteElo "1784"]
[BlackElo "2037"]
[PlyCount "61"]
[EventDate "2024.09.11"]
[WhiteTeam "Eswatini"]
[BlackTeam "Ethiopia"]
[BlackTeamCountry "ETH"]

1. d4 d5 2. c4 e6 3. Nf3 Nf6 4. g3 dxc4 5. Bg2 Nc6 6. O-O Rb8 7. a4 b6 8. Na3 Bxa3 9. Rxa3 O-O 10. Re1 ({RR} 10. Bg5 h6 11. Bxf6 Qxf6 12. Rc3 Ba6 13. b3 Rfd8 14. e3 e5 15. bxc4 exd4 16. exd4 Nxd4 17. Nxd4 Rxd4 18. Qb3 Rbd8 19. Bd5 R8xd5 20. cxd5 Bxf1 21. Kxf1 Qd6 22. Qc2 Qxd5 23. Rxc7 g6 24. Re7 Rc4 {0-1 Bugaj,H (1920)-Manucharyan,A (2080) Reykjavik Open 2024 (5.92)}) 10... Bb7 11. Bg5 $146 ({RR} 11. e4 Qc8 12. Qc2 Ba6 13. Bd2 Ne7 14. Bg5 c5 15. d5 h6 16. Bxf6 gxf6 17. Qd2 Kh7 18. Qf4 Kg7 19. Qg4+ Ng6 20. h4 exd5 21. Qxc8 Rbxc8 22. exd5 h5 23. Rae3 Rfd8 24. Rd1 Rd6 25. Ne1 Rcd8 {½-½ Reinecke,K (1887)-Jaeger,M (1915) Rainer Radtke Mem 2023 (5.9)}) 11... h6 12. Bxf6 Qxf6 13. e3 a6 14. Nd2 e5 15. d5 Nb4 16. Nxc4 Rfd8 17. e4 a5 18. Rc3 Ba6 19. Ne3 c6 20. Bf1 Bxf1 21. Kxf1 cxd5 22. exd5 e4 23. Qg4 Nxd5 24. Nxd5 Rxd5 25. Rxe4 Rd2 26. Rf4 Qd8 27. Qf5 Rd1+ 28. Kg2 Qd5+ 29. Qxd5 Rxd5 30. Rc7 f5 31. b4 1/2-1/2

[Event "45th Olympiad 2024"]
[Site "Budapest HUN"]
[Date "2024.09.16"]
[Round "6.70"]
[Board "2"]
[White "Amer Karim"]
[Black "McCoy, Tom"]
[Result "1-0"]
[WhiteElo "2081"]
[BlackElo "1883"]
[PlyCount "51"]
[EventDate "2024.09.11"]
[WhiteTeam "Pakistan"]
[BlackTeam "Papua New Guinea"]
[WhiteTeamCountry "PAK"]
[BlackTeamCountry "PNG"]

1. d4 e6 2. c4 d5 3. Nc3 a6 4. cxd5 exd5 5. Bf4 c6 6. e3 Bd6 7. Bg3 Ne7 8. Bd3 Bf5 9. Nf3 Bg4 $146 ({RR} 9... O-O 10. O-O Bxg3 11. hxg3 Nd7 12. Rc1 Re8 13. b4 Nb6 14. a4 Qd6 15. Bxf5 Nxf5 16. b5 cxb5 17. axb5 a5 18. g4 Ne7 19. Na4 Nxa4 20. Qxa4 Nc8 21. Rc5 Nb6 22. Qa2 h6 23. Rfc1 Re7 24. Ne5 {1-0 Georgiev,K (2625)-Conquest,S (2488) Warsaw AIG Life rapid Gp4 2004 (3)}) ({RR} 9... Bxd3 10. Qxd3 O-O 11. O-O Bxg3 12. hxg3 Nd7 13. b4 Nf6 14. a4 Ne8 15. b5 Nd6 16. bxc6 bxc6 17. Rfc1 a5 18. Ne2 f6 19. Nf4 Qd7 20. Qc2 Rfc8 21. Nd3 Ne4 22. Nd2 Nxd2 23. Qxd2 Nf5 24. Nc5 {1-0 Niemann,H (2733)-Nakamura,H (2802) SpeedChess Final 2024 (2.30)}) ({RR} 9... Bxd3 10. Qxd3 Bxg3 11. hxg3 Nd7 12. Rxh7 Rg8 13. O-O-O Qa5 14. Ng5 Nf6 15. Rh4 b5 16. Kb1 b4 17. Ne2 Qb5 18. Qxb5 axb5 19. Nc1 Ng6 20. Rh3 Nd7 21. Nd3 f6 22. Ne6 Ke7 23. Nef4 Nxf4 24. gxf4 {1-0 Martinez Fernandez,A (2404)-Cardozo,C (2060) Titled Tue 16th Jul Late 2024 (3)}) 10. O-O O-O 11. Bxh7+ Kh8 12. Bd3 Qc7 13. Rc1 Nd7 14. b4 Nf5 15. Nxd5 Qb8 16. Bxf5 Bxf5 17. Nf4 Nf6 18. Nh4 Bh7 19. Nh5 Ne4 20. Qg4 g5 21. Nf5 Qc8 22. Qxe4 Bxf5 23. Qf3 Be7 24. h3 g4 25. Qf4 Kh7 26. Qe5 1-0